000 00357 a2200109 4500
001 ART_7890
005 20260410161638.0
008 260409a
245 1 0 _aRecientes pronunciamientos sobre el concepto de beneficiario efectivo
100 1 _aEdelstein, Andrés M.
773 0 _tConsultor tributario
_g- Vol. 2, Nº 17 (jul. 2008)
_wREV474
999 _c13097
_d13097